الموسوعة الجنائية الحديثة في البطلان : (Record no. 25963)
[ view plain ]
| 000 -الفاتح | |
|---|---|
| حقل البيانات ثابتة الطول | 02303nam a22002655a 4500 |
| 003 - محدد رقم الضبط | |
| رقم الضبط | OSt |
| 005 - وقت وتاريخ اخر تعامل مع التسجيلة | |
| رقم الضبط | 20180121115230.0 |
| 008 - عناصر البيانات ثابتة الطول - معلومات عامة | |
| حقل البيانات ثابتة الطول | 180121s2012 ua frb 000 0 ara d |
| 040 ## - مصدر الفهرسة | |
| وكالة الفهرسة الأصلية | EG-ScBUE |
| لغة الفهرسة | ara |
| وكالة النسخ | EG-ScBUE |
| 043 ## - رمز المنطقة الجغرافية | |
| رمز المنطقة الجغرافية | f-ua--- |
| 082 04 - رقم تصنيف ديوى العشرى | |
| رقم التصنيف | 345.6205 |
| رقم المادة | ع ب د |
| رقم الطبعة | 22 |
| 100 1# - المدخل الرئيسى - إسم شخصى | |
| الإسم الشخصى | عبد المطلب، إيهاب. |
| 245 12 - بيان العنوان | |
| العنوان | الموسوعة الجنائية الحديثة في البطلان : |
| بقية العنوان | معلقا عليها بآراء الفقه وأحكام محكمة النقض منذ تاريخ إنشائها حتى عام 2008 م : أكثر من عشرة آلاف حكم : الأوصاف والتعليمات العامة للنيابات / |
| بيان المسئوليه,etc | إيهاب عبد المطلب. |
| 246 30 - العنوان الموازى | |
| عنوان صحيح/عنوان مختصر | بطلان |
| 250 ## - بيان الطبعة | |
| بيان الطبعة | ط. نادي القضاة. |
| 260 ## - PUBLICATION, DISTRIBUTION, ETC. (IMPRINT) | |
| مكان الناشر او الموزع | القاهرة : |
| اسم الناشر او الموزع | المركز القومي للإصدارات القانونية، |
| تاريخ النشر أو التوزيع | 2012. |
| 300 ## - الوصف المادى | |
| التعداد | 4 مج. ؛ |
| أبعاد الوعاء | 24 سم. |
| 504 ## - تبصرة ببليوجرافية | |
| تبصرة ببليوجرافية,الخ | يشتمل على إرجاعات ببليوجرافية. |
| 505 2# - تبصرة محتويات-الفهرس | |
| تبصرة المحتويات المصاغة | مج. 1. تنظيم الخصومة - إنعقاد الخصومة - العلاقة بين الخصومة الجنائية والمدنية... أسباب البطلان الموضوعية - التمسك بالبطلان تصحيح البطلان. -- مج. 2. أوجه البطلان في إجراءات الاستدلال - السلطة المختصة بالاستدلال - التصرف في التهمة بعد الاستدلال... أنواع بطلان الاستجواب - آثار بطلان الاستجواب. -- مج. 3. بطلان إجراءات المحاكمة والحكم - السلطة المختصة بالمحاكمة - تشكيل القضاء... - إنسحاب المحامي من الدعوى - منع الخصم أو محامية من المرافعة. -- مج. 4. أثر العذر القهري في الإجراءات الجنائية - العذر القهري كسبب لطلب تأجيل الدعوى... - الصفة في الطعن ببطلان الاستدلال أو التحقيق الابتدائي - الصفة في الطعن بطلان المحاكمة أو الحكم. |
| 541 ## - تبصرة المصدر المباشر للتزويد | |
| مصدر التزويد | دكتور أحمد حمد ؛ |
| طريقة التزويد | إهداء ؛ |
| 650 #7 - المدخل الاضافى بالموضوع-مصطلح موضوعى | |
| مصطلح موضوعي أو اسم جغرافي كعنصر مدخل | نظرية البطلان |
| التقسيم الفرعي الجغرافي | مصر |
| التقسيم الفرعي الشكلي | دوائر معارف. |
| مصدر الرأس أو المصطلح | BUEsh |
| 651 ## - المدخل الاضافى بالموضوع - اسم جغرافى | |
| مصدر الرأس أو المصطلح | BUEsh |
| 653 ## - مصطلح تكشيفى غير مقيد | |
| Resource For college | Law |
| Arrived date list | January2018 |
| 942 ## - عناصر المدخل الإضافي( كوها) | |
| مصدر التصنيف او مخطط الترفيف | Dewey Decimal Classification |
| حالة التراجع | حالة الفقد | مصدر التصنيف او خطة الترفيف | حالة تلف | ليس للاعارة | مجموعات كوها | المكان الدائم | المكان الحالي | موقع الترفيف | تاريخ الاكتساب | Source of acquisition | رقم الاستدعاء | الباركود | Date last seen | تبصرة غير عامة( المفوع للعناصر المفقوده) | نوع الوعاء | تبصرة عامة |
|---|---|---|---|---|---|---|---|---|---|---|---|---|---|---|---|---|
| Dewey Decimal Classification | Donation-Gift | Central Library | Central Library | First floor | 21/01/2018 | Donation | 345.6205 ع ب د | 000042856 | 15/07/2025 | إهداء دكتور أحمد حمد | Reference (NB) | مج. 2. | ||||
| Dewey Decimal Classification | Donation-Gift | Central Library | Central Library | Ground Floor | 21/01/2018 | Donation | 345.6205 ع ب د | 000042859 | 15/07/2025 | إهداء دكتور أحمد حمد | Reference (NB) | مج. 1. | ||||
| Dewey Decimal Classification | Donation-Gift | Central Library | Central Library | Ground Floor | 21/01/2018 | Donation | 345.6205 ع ب د | 000042860 | 15/07/2025 | إهداء دكتور أحمد حمد | Reference (NB) | مج. 3. | ||||
| Dewey Decimal Classification | Donation-Gift | Central Library | Central Library | Ground Floor | 21/01/2018 | Donation | 345.6205 ع ب د | 000042861 | 15/07/2025 | إهداء دكتور أحمد حمد | Reference (NB) | مج. 4. |